Stade Brestois ou En Avant Guingamp ? Rivalités #3 - Statistiques

Statistiques générales
  • Ce quiz a été pris 358 fois
  • Le résultat moyen est 9 sur 12
Statistiques - réponses
Question Réponse % Correct
Lequel a déjà gagné la coupe de France ? En Avant Guingamp
99%
Lequel joue en Ligue 1 cette saison (2023/2024)? Stade Brestois
99%
Lequel a déjà compté dans ses rangs Marcus Thuram, Didier Drogba et Florent Malouda ? En Avant Guingamp
97%
Lequel se situe dans le département numéro 29 ? Stade Brestois
94%
Lequel joue au stade de Roudourou ? En Avant Guingamp
93%
Lequel a eu Noël Le Graët comme président ? En Avant Guingamp
87%
Lequel joue en rouge ? Les deux
85%
Lequel a déjà eu Nike comme équipementier ? Stade Brestois
67%
Lequel a l’hermine sur son logo ? Stade Brestois
64%
Lequel est le plus ancien ? En Avant Guingamp
62%
Lequel a déjà remporté le championnat de France de Ligue 2 ? Stade Brestois
46%
Lequel a déjà participé à une coupe d’Europe ? En Avant Guingamp
14%
Aucun quiz correspondant
Distribution des résultats
% des personnes avec chaque résultat
Percentile par nombre de réponses
Votre historique - résultats
Vous n’avez pas pris ce quiz